Public health emergency preparedness : (Record no. 364041)
[ view plain ]
| 000 -LEADER | |
|---|---|
| fixed length control field | 00506nam a2200133Ia 4500 |
| 008 - FIXED-LENGTH DATA ELEMENTS--GENERAL INFORMATION | |
| fixed length control field | 200903s9999 xx 000 0 und d |
| 020 ## - INTERNATIONAL STANDARD BOOK NUMBER | |
| International Standard Book Number | 978-1-2840-6925-9 |
| 100 ## - MAIN ENTRY--PERSONAL NAME | |
| Personal name | McKinney, Suzet |
| 245 ## - TITLE STATEMENT | |
| Statement of responsibility, etc | Suzet McKinney, Mary Elise Papke.-- |
| Title | Public health emergency preparedness : |
| Remainder of title | a practical approach for the real world / |
| 260 ## - PUBLICATION, DISTRIBUTION, ETC. (IMPRINT) | |
| Place of publication, distribution, etc | Massachusetts : |
| Name of publisher, distributor, etc | Jones & Bartlett Learning |
| Date of publication, distribution, etc | 2019 |
| 300 ## - PHYSICAL DESCRIPTION | |
| Extent | xiii , 195 pages : |
| Other physical details | illustration ; |
| Dimensions | 23 cm. |
| 650 ## - SUBJECT ADDED ENTRY--TOPICAL TERM | |
| Topical term or geographic name as entry element | Disaster medicine |
| 650 ## - SUBJECT ADDED ENTRY--TOPICAL TERM | |
| Topical term or geographic name as entry element | Emergency management |
| Withdrawn status | Lost status | Damaged status | Home library | Current library | Shelving location | Date acquired | Source of acquisition | Total Checkouts | Full call number | Barcode | Date last seen | Price effective from | Koha item type |
|---|---|---|---|---|---|---|---|---|---|---|---|---|---|
| College Library | College Library | Reserve Section | 09/03/2020 | Library Fund | RC451.4.D57 .M478 2019 | C22174 | 09/03/2020 | 09/03/2020 | Books |